000 01622nam a22004337a 4500
001 1581633
003 OSt
005 20210426112105.0
008 940413s1992 engacfh b 000 0ceng d
010 _a 93070004
020 _a0345383729 :
_c$23.00
035 _a(OCoLC)29616908
040 _aFM0
_cDLC
_dTCollSM
042 _alccopycat
043 _ae-uk---
050 0 0 _aDA259
_b.W45 1994
080 _a94
_bW-42
082 0 0 _a942.04/4/092
_aB
_220
100 1 _aWeir, Alison,
_d1951-
245 1 4 _aThe princes in the tower /
_cAlison Weir.
250 _a1st American ed.
260 _aNew York :
_bBallantine,
_c1992
300 _axv, 287 p., [8] p. of plates :
_bill., facsims., 1 geneal. table, ports. ;
_c24 cm.
500 _aOriginally published: London: Bodley Head, 1992.
500 _aIncludes index.
504 _aBibliography: p. 261-271.
600 0 0 _aEdward
_bV,
_cKing of England,
_d1470-1483
_xDeath and burial.
600 0 0 _aRichard,
_cDuke of York,
_d1472-1483
_xDeath and burial.
650 0 _aPolitical prisoners
_zGreat Britain
_vBiography.
650 0 _aPrinces
_zGreat Britain
_vBiography.
650 0 _aMurder
_zEngland
_xHistory
_yTo 1500.
651 0 _aGreat Britain
_xHistory
_yEdward IV, 1461-1483.
651 0 _aGreat Britain
_xKings and rulers
_vBiography.
653 _aისტორია
856 4 2 _3Publisher description
_uhttp://www.loc.gov/catdir/description/random0412/93070004.html
906 _a7
_bcbc
_ccopycat
_d3
_eopcn
_f19
_gy-gencatlg
942 _2udc
_cBK
999 _c1216
_d1216